[Event "GER-chT U18 Girls"]
[Site "Karlsruhe"]
[Date "2015.05.09"]
[Round "5.2"]
[White "Luebbert, Charline"]
[Black "Traktmann, Daniela"]
[Result "1-0"]
[WhiteElo "1228"]
[BlackElo "973"]
[PlyCount "67"]
[EventDate "2015.05.07"]
[EventType "team-swiss"]
[EventRounds "7"]
[EventCountry "GER"]
[SourceTitle "EXT 2017"]
[Source "ChessBase"]
[SourceDate "2016.10.25"]
[SourceVersion "1"]
[SourceVersionDate "2016.10.25"]
[SourceQuality "1"]
[WhiteTeam "Gadebusch Gymn (W)"]
[BlackTeam "Berlin Kollwith Gymn (W)"]
[WhiteTeamCountry "GER"]
[BlackTeamCountry "GER"]

1. e4 b6 2. Nc3 Bb7 3. d4 e6 4. Nf3 Nf6 5. Bd3 Bb4 6. Qe2 0-0 7. Bd2 Nc6 8. 0-0 d5 9. e5 Nd7 10. Ng5 h6 11. Qh5 f5 12. Nxe6 Qe7 13. Nxf8 Qxf8 14. Qxf5 Qxf5 15. Bxf5 Nf8 16. a3 Be7 17. Be3 Ba6 18. Rfe1 Bh4 19. Rad1 Ne7 20. Bh3 Nfg6 21. g3 Bg5 22. Bxg5 hxg5 23. Bg2 Rf8 24. Nxd5 Nxd5 25. Bxd5+ Kh8 26. Bc6 Ne7 27. Be4 g4 28. d5 Nc8 29. d6 cxd6 30. exd6 Rd8 31. d7 Ne7 32. Bg6 Nxg6 33. Re8+ Rxe8 34. dxe8Q+ 1-0

[Event "GER-chT U18 Girls"]
[Site "Karlsruhe"]
[Date "2015.05.08"]
[Round "3.2"]
[White "Traktmann, Daniela"]
[Black "Koenig, Isabel"]
[Result "0-1"]
[WhiteElo "973"]
[BlackElo "1073"]
[PlyCount "102"]
[EventDate "2015.05.07"]
[EventType "team-swiss"]
[EventRounds "7"]
[EventCountry "GER"]
[SourceTitle "EXT 2017"]
[Source "ChessBase"]
[SourceDate "2016.10.25"]
[SourceVersion "1"]
[SourceVersionDate "2016.10.25"]
[SourceQuality "1"]
[WhiteTeam "Berlin Kollwith Gymn (W)"]
[BlackTeam "Altenholz Gymn (W)"]
[WhiteTeamCountry "GER"]
[BlackTeamCountry "GER"]

1. e4 c5 2. Bc4 a6 3. Nf3 b5 4. Bd5 Ra7 5. e5 e6 6. Be4 d6 7. 0-0 dxe5 8. Nxe5 Qc7 9. d4 cxd4 10. Qxd4 Nf6 11. Bf3 Bc5 12. Qc3 b4 13. Qe1 0-0 14. Bf4 Qb6 15. Nc4 Qb5 16. b3 Bb7 17. a4 bxa3 18. Nbxa3 Qd7 19. Bg4 Nxg4 20. Rd1 Qe7 21. Nb1 Nc6 22. h3 Nf6 23. Nc3 Nd4 24. Qd2 Rd8 25. Bg5 Nf3+ 26. gxf3 Rxd2 27. Rxd2 Bxf3 28. Bxf6 Qxf6 29. Ne3 Bxe3 30. fxe3 h6 31. Kf2 Be4+ 32. Ke2 Qe5 33. Nxe4 Qxe4 34. Rd4 Qxc2+ 35. Kf3 Qxb3 36. Rfd1 a5 37. R4d3 Qb7+ 38. Ke2 Qb5 39. Kf3 Qf5+ 40. Ke2 Rb7 41. Ke1 Rb1 42. Rxb1 Qxd3 43. Ra1 Qc3+ 44. Kf2 Qxa1 45. e4 a4 46. Ke3 a3 47. h4 a2 48. h5 Qe1+ 49. Kf4 a1Q 50. e5 Qaxe5+ 51. Kg4 Q1g3# 0-1